000 00518nam a2200193Ia 4500
008 101110s9999 xx 000 0 und d
041 _aENGLISH
082 _bSR4238
_a658.5
100 _aDavar S.R.
245 _aBusiness Organization & Industrial Management
365 _b18.5
520 _aCommerce
546 _aENGLISH
630 _aBusiness Organization & Industrial Management
650 _aCommerce
655 _aCommerce
730 _aBusiness Organization & Industrial Management
942 _cBOOK
999 _c800497
_d800494